El arte de describir. El arte Holandés en el siglo XVII
Guardat en:
| Autor principal: | |
|---|---|
| Format: | Llibre |
| Idioma: | espanyol |
| Publicat: |
Buenos Aires, Argentina.
Ampersand,
2016
|
| Col·lecció: | Colección Caleidoscópica
|
| Matèries: | |
| Etiquetes: |
Afegir etiqueta
Sense etiquetes, Sigues el primer a etiquetar aquest registre!
|
MARC
| LEADER | 00000cam a2200000 a 4500 | ||
|---|---|---|---|
| 001 | UCD8676 | ||
| 003 | CL-VaPUC | ||
| 005 | 20211022121256.0 | ||
| 008 | 170519e20160000ag |||||||||||||||||spa|d | ||
| 999 | |c 368006 |d 368004 | ||
| 020 | |a 9789874509871 | ||
| 040 | |c Pontificia Universidad Católica de Valparaíso | ||
| 082 | 0 | 4 | |a 741.9492 ALP 2016 |2 21 |
| 100 | 0 | |a Alpers, Svetlana |e author |9 592169 | |
| 245 | 1 | 3 | |a El arte de describir. |b El arte Holandés en el siglo XVII |
| 260 | |a Buenos Aires, Argentina. |b Ampersand, |c 2016 | ||
| 300 | |a 375 páginas | ||
| 490 | 0 | |a Colección Caleidoscópica | |
| 583 | |a last modification |c 20170519 15:42:00 |k Rodrigo Vera | ||
| 583 | |k Cristina Rojas |c 20210422 | ||
| 650 | 0 | |a Arte holandés |2 CL-VaPUC |9 350054 |y Siglo 17 | |
| 650 | 0 | |a Historia del arte |9 314877 |y Siglo 17 | |
| 650 | 0 | |a Dibujos artísticos |2 CL-VaPUC |9 564831 |x Arte holandés | |
| 942 | |c BK |2 ddc | ||
| 945 | |d 20170519 15:42:00 |a arojas | ||
| 952 | |0 0 |1 0 |3 erb |4 0 |6 741_949200000000000_ALP_2016 |7 0 |8 A |9 483255 |a BIBART |b BIBART |i 5375940 |l 3 |o 741.9492 ALP 2016 |p 5375940 |r 2025-03-13 |s 2024-05-07 |w 2019-11-24 |y BK |z Catalogado en:20170519 |k ART | ||
| 952 | |0 0 |1 0 |2 ddc |4 0 |6 741_949200000000000_ALP_2016 |7 0 |8 A |9 578181 |a BIBHIS |b BIBHIS |d 2021-06-16 |e 3 |g 0.00 |i 5584981 |l 6 |m 3 |o 741.9492 ALP 2016 |p 5584981 |r 2025-04-29 |s 2025-04-21 |t 3 |v 0.00 |w 2021-06-16 |y BK |k HIS | ||
| 952 | |0 0 |1 0 |2 ddc |4 0 |6 741_949200000000000_ALP_2016 |7 0 |8 A |9 578182 |a BIBHIS |b BIBHIS |d 2021-06-16 |e 3 |g 0.00 |i 5584973 |l 11 |o 741.9492 ALP 2016 |p 5584973 |r 2025-04-28 |s 2025-04-21 |t 2 |v 0.00 |w 2021-06-16 |y BK |k HIS | ||